Neoliberalismo y gobernabilidad en América Latina durante los años 90 /
En los últimos 20 años se han producido profundas transformamciones políticas y económicas, que si bien tuvieron diversos grados de intensidad (dependiendo de las condiciones locales), han impactado sustancialmente sobre la constitución d los sistemas de gobierno y con ello los tradicionales mecanis...
Guardado en:
| 主要作者: | |
|---|---|
| 格式: | Texto |
| 主題: | |
| 標簽: |
添加標簽
沒有標簽, 成為第一個標記此記錄!
|
MARC
| LEADER | 00000 a a2200000 04500 | ||
|---|---|---|---|
| 001 | 10716 | ||
| 003 | |||
| 040 | |||
| 100 | |a Contreras Osorio, Rodrigo | ||
| 245 | |a Neoliberalismo y gobernabilidad en América Latina durante los años 90 / |c Rodrigo Contreras Osorio | ||
| 520 | |a En los últimos 20 años se han producido profundas transformamciones políticas y económicas, que si bien tuvieron diversos grados de intensidad (dependiendo de las condiciones locales), han impactado sustancialmente sobre la constitución d los sistemas de gobierno y con ello los tradicionales mecanismos de procesamiento de los conflictos y las formas de representación de intereses, modificando correlativamente los esquemas de integración social, las estructuras sociales, la conformación del empleo y las formas de manifestación sectorial | ||
| 650 | |a LIBERALISMO | ||
| 650 | |a GOBERNABILIDAD | ||
| 650 | |a SISTEMAS POLITICOS | ||
| 650 | |a CONFLICTOS SOCIALES | ||
| 650 | |a ELITE | ||
| 773 | |g número 186; páginas 46-58 | ||
| 999 | |c 33203 |d 33203 | ||
